Introductory statistics
Αποθηκεύτηκε σε:
| Κύριος συγγραφέας: | |
|---|---|
| Μορφή: | Βιβλίο |
| Γλώσσα: | English |
| Δημοσίευση: |
New York :
John Wiley & Sons,
c1998
|
| Έκδοση: | 3rd ed. |
| Θέματα: | |
| Ετικέτες: |
Προσθήκη ετικέτας
Δεν υπάρχουν, Καταχωρήστε ετικέτα πρώτοι!
|
MARC
| LEADER | 00000nam a2200000 i 4500 | ||
|---|---|---|---|
| 001 | 1/50104 | ||
| 008 | 980728s1998 eng d | ||
| 020 | |a 0-471-16546-8 | ||
| 035 | |l 10043792 | ||
| 040 | |a GR-MY-UA |b gre |e aacr | ||
| 041 | 0 | |a eng | |
| 082 | 0 | |a 519.5 | |
| 100 | 1 | |a Mann, Prem S. | |
| 245 | 1 | 0 | |a Introductory statistics / |c Prem S. Mann |
| 250 | |a 3rd ed. | ||
| 260 | |a New York : |b John Wiley & Sons, |c c1998 | ||
| 300 | |a xxiii, 789 p.; |b ill.; |c 26 cm. | ||
| 500 | |a Includes index | ||
| 650 | 0 | 0 | |a Statistics. |
| 852 | |a INST |b SAMOS |e 19980728 |h 519.5 MAN |p 005300010879 |q 005300010879 |t BK |y 0 | ||
| 901 | |a BIBL-1998-2 | ||
| 909 | |a Σ |b 057559 | ||
| 922 | |a 3ΕΛΗ |b 199807 |c ΔΩΡ |d JOHN WILEY | ||